| 000 | 00670cab a2200229 4500 | ||
|---|---|---|---|
| 001 | WB3030-34 | ||
| 008 | 090401t1994 xxu||||| |||| 00| 0 eng d | ||
| 035 | _a(Sirsi) u23837 | ||
| 041 | _aeng | ||
| 245 | _aGrant cuts will hit woodland management | ||
| 260 | _c1994 | ||
| 350 | _a0 | ||
| 490 |
_aFarmers' Weekly _v121(4) 29 July 1994, 12(1) |
||
| 520 | _aReductions in tree planting grants will make woodland management uneconomic according to the CLA. Gives examples of revised grants system. | ||
| 650 | _aFORESTRY | ||
| 650 | _aGRANTS | ||
| 650 | _aTREE PLANTING | ||
| 650 | _aWOODLAND | ||
| 690 | _aRURAL PRACTICE | ||
| 942 | _n0 | ||
| 948 | _c04/03/1997 | ||
| 999 |
_c15959 _d15959 |
||